00656nam a22001937a 4500999001900000005001700019010001500036020002700051035001400078037001300092082001200105245004900117260003600166270007000202300002300272700001500295942002600310952012600336 c169414d16941420191119145858.0 aENG-126923 c1080.00a9789389137200 aEN-110455 bDBAD/PUB a358.400 aAsian defence review 2019 /ced.by KK Nohwar aNew DelhibKW Publishers c2020 a4676/21, First Floor, Ansari Road, Daryaganj, e110002bNew Delhi aix,273p.c23cm(Hb) aNohwar, KK 2ddccENh358.400mASI 001040708NFICaZLSbZLSd2019-11-19eDBAD/PUBg1080.00l0o358.400 ASIpEN-110455r2019-11-19 00:00:00t1v1080.00yEN